[Event "Paris-ch"]
[Site "Paris"]
[Date "1991.??.??"]
[Round "8"]
[White "Bouland, Stephane"]
[Black "Verat, Laurent"]
[Result "1-0"]
[WhiteElo "2250"]
[BlackElo "2290"]

1.d4 Nf6 2.Nf3 e6 3.c4 Bb4+ 4.Nbd2 b6 5.a3 Bxd2+ 6.Bxd2 Bb7 7.Bg5 d6 8.e3 Nbd7
9.Bh4 h6 10.b4 g5 11.Bg3 Ne4 12.Nd2 Nxd2 13.Qxd2 h5 14.h4 g4 15.Rc1 Nf6 16.d5 e5
17.Bd3 e4 18.Bc2 Qe7 19.Bf4 O-O-O 20.Bg5 Rhg8 21.Qd4 Rg6 22.g3 Re8 23.Ba4 Rd8
24.Bb3 Qe5 25.Qxe5 dxe5 26.O-O b5 27.d6 Rxd6 28.c5 Ra6 29.a4 bxa4 30.Bxf7 Rg7
31.b5 Rxf7 32.bxa6 Bxa6 33.Rfd1 Bd3 34.Bxf6 Rxf6 35.c6 Rd6 36.Rc5 a6 37.Rdc1 Bb5
38.Rxe5 Rxc6 39.Rxc6 Bxc6 40.Rxh5 Bb5 41.Rc5 Kd7 42.h5 Ke8 43.h6 Kf7 44.Rg5  1-0

[Event "URS-ch Club Pavlodar"]
[Site "Pavlodar"]
[Date "1991.??.??"]
[Round "?"]
[White "Ikonnikov, Vyacheslav"]
[Black "Ivanov, Al"]
[Result "1-0"]
[WhiteElo "2480"]
[BlackElo "2360"]

1.d4 Nf6 2.Nf3 e6 3.c4 Bb4+ 4.Nbd2 d5 5.Qa4+ Nc6 6.a3 Bxd2+ 7.Bxd2 Ne4 8.Rd1 Qf6
9.e3 Qg6 10.Ne5 Qf6 11.Nd3 O-O 12.Be2 Ne7 13.O-O Nxd2 14.Rxd2 Ng6 15.Rc1 c6
16.cxd5 exd5 17.b4 a6 18.Nc5 Re8 19.Qb3 Nh4 20.Bf1 Bh3 21.Kh1 Qg6 22.f3 Bc8
23.e4 Qg5 24.Rdc2 Rb8 25.g3 Ng6 26.Bg2 dxe4 27.fxe4 h5 28.Rf1 Qe7 29.Rcf2 Rf8
30.e5 h4 31.Be4 Bh3 32.Bxg6 Bxf1 33.Rxf1 Rbd8 34.Rf4 Rd5 35.Bc2 b6 36.Qd3 f5
37.exf6 Rxf6 38.Qh7+ Kf8 39.Bg6 Qe1+ 40.Kg2  1-0

[Event "Portland op"]
[Site "Portland"]
[Date "1991.??.??"]
[Round "6"]
[White "Ftacnik, Lubomir"]
[Black "Donaldson Akhmilovskaya, Elena"]
[Result "1/2-1/2"]
[WhiteElo "2590"]
[BlackElo "2395"]

1.d4 Nf6 2.Nf3 e6 3.c4 Bb4+ 4.Nbd2 b6 5.g3 Bb7 6.Bg2 O-O 7.O-O Bxd2 8.Bxd2 d6
9.Qc2 Nbd7 10.Rad1 a5 11.Rfe1 Be4 12.Qc1 Qc8 13.Bh3 d5 14.Ne5 dxc4 15.f3 Bb7
16.Nxc4 c5 17.Nd6 Qc6 18.Nxb7 Qxb7 19.dxc5 Nxc5 20.Bf1 Rac8 21.Qb1 Nfd7 22.Kg2 Ne5
23.Bc3 f6 24.e4 Na4 25.Bxe5 fxe5 26.Bb5 Nc5 27.Rd6 Rcd8 28.Red1 Qf7 29.Be2 Qc7
30.R6d2 Rxd2 31.Rxd2 Rd8 32.Qd1 Rxd2 33.Qxd2 Qd7 34.Qxd7 Nxd7 35.Kf2  1/2-1/2

[Event "Rimavska Sobota"]
[Site "Rimavska Sobota"]
[Date "1991.??.??"]
[Round "1"]
[White "Fominyh, Alexander"]
[Black "Hracek, Zbynek"]
[Result "1/2-1/2"]
[WhiteElo "2535"]
[BlackElo "2485"]

1.d4 Nf6 2.Nf3 e6 3.c4 Bb4+ 4.Nbd2 b6 5.g3 Bb7 6.Bg2 O-O 7.O-O d5 8.cxd5 exd5
9.Ne5 Nbd7 10.Qa4 Bd6 11.Nec4 Be7 12.Ne3 Re8 13.b4 c6 14.Bb2 b5 15.Qb3 Nb6
16.Bc3 Bf8 17.Qc2 Bc8 18.Nb3 Na4 19.Be1 Bd7 20.Nd1 Ne4 21.Nb2 Bf5 22.Nd3 Rc8
23.Rc1 Nd6 24.Qd1 Nc4 25.e3 Nab2 26.Nxb2 Nxb2 27.Qe2 Nd3 28.Rd1 Nxe1 29.Qxe1 Bc2
30.Rc1 Bd3 31.Qc3 Bxf1 32.Bxf1 Qd6 33.a3 a6 34.Nc5 Qb8 35.Bh3 Bxc5 36.Bxc8 Rxc8
37.Qxc5 g6 38.e4 dxe4 39.d5 Qe5  1/2-1/2

[Event "Salo op"]
[Site "Salo"]
[Date "1991.??.??"]
[Round "2"]
[White "Schulman, Leonid"]
[Black "Kiik, Kalle"]
[Result "1-0"]
[WhiteElo "2290"]
[BlackElo "2425"]

1.d4 Nf6 2.Nf3 e6 3.c4 Bb4+ 4.Nbd2 O-O 5.e3 d5 6.a3 Be7 7.Bd3 a5 8.O-O Nbd7
9.b3 b6 10.e4 dxe4 11.Nxe4 Bb7 12.Qe2 c5 13.Bb2 cxd4 14.Bxd4 Nc5 15.Nxc5 bxc5
16.Bc3 Qc7 17.Ne5 Rfd8 18.Rfe1 Rab8 19.Bc2 Ra8 20.Qe3 Bf8 21.Qh3 h6 22.Re3 Qe7
23.Rae1 Ra6 24.Qg3 Kh8 25.Bg6  1-0

[Event "Skopje"]
[Site "Skopje"]
[Date "1991.??.??"]
[Round "1"]
[White "Kocovski, Ivan"]
[Black "Rashkovsky, Nukhim N"]
[Result "0-1"]
[WhiteElo "2325"]
[BlackElo "2535"]

1.d4 Nf6 2.Nf3 e6 3.c4 Bb4+ 4.Nbd2 d5 5.a3 Be7 6.Qc2 O-O 7.e4 dxe4 8.Nxe4 Nbd7
9.Bd3 Nxe4 10.Bxe4 Nf6 11.Bd3 b6 12.Bd2 Bb7 13.O-O-O g6 14.Bc3 Bxf3 15.gxf3 b5
16.cxb5 Nd5 17.Ba5 Bd6 18.Kb1 Qf6 19.h4 Nf4 20.Bc4 Rac8 21.Qe4 Rfd8 22.Bd2 Kf8
23.Ka2 Qf5 24.Be3 Nd5 25.Bh6+ Ke7 26.Bxd5 Qxd5+ 27.Qxd5 exd5 28.Rde1+ Kd7
29.h5 Re8 30.Be3 Rb8 31.hxg6 hxg6 32.a4 c6 33.bxc6+ Kxc6 34.Rc1+ Kd7 35.Rh7 Re7
36.Bg5 Re2 37.Rb1 Ke6 38.Rhh1 Rb4 39.Rhe1 Rxa4+ 40.Kb3 Rb4+ 41.Kc3 Rxb2 42.Rxe2+ Rxe2
43.Be3 f5 44.f4 Ra2 45.Rg1 Kf6 46.Rh1 a5 47.Rb1 Bb4+ 48.Kd3 Ra3+ 49.Ke2 Rc3
50.Ra1 Rc4 51.Ra2 Ke6  0-1

[Event "Skopje"]
[Site "Skopje"]
[Date "1991.??.??"]
[Round "4"]
[White "Inkiov, Ventzislav"]
[Black "Bogdanovski, Vlatko"]
[Result "1/2-1/2"]
[WhiteElo "2475"]
[BlackElo "2440"]

1.d4 Nf6 2.c4 e6 3.Nf3 Bb4+ 4.Nbd2 b6 5.g3 Bb7 6.Bg2 O-O 7.O-O a5 8.Qc2 Bxd2
9.Bxd2 d6 10.Ne1 Bxg2 11.Nxg2 Nc6 12.d5 Ne5 13.Nf4 Qe7 14.Bc3 Ned7 15.Rae1 e5
16.Ng2 Nc5 17.e4 Rfe8 18.Nh4 g6 19.f3 Nh5 20.Ng2 Ng7 21.f4 exf4 22.gxf4 f6
23.f5 g5 24.h4 h6 25.hxg5 hxg5 26.e5 dxe5 27.Bxe5 Qxe5 28.Rxe5 Rxe5 29.d6 cxd6
30.Qd1 Nxf5 31.Qc2 Ne7 32.Rxf6 Ne4 33.Rf1 Re8 34.Ne3 Ng3 35.Ng4 Nxf1 36.Nxe5 dxe5
37.Qg2 Rf8 38.Qxg5+ Kf7 39.Kxf1 Ke6+ 40.Ke2 Nf5 41.Qg6+ Rf6 42.Qe8+ Ne7 43.Qb5 Kf7
44.c5 bxc5 45.Qxa5 Rc6 46.Qb5 Ke6 47.a4 Kd6 48.a5 Nd5 49.Qb8+ Kd7 50.Qf8 Nc7
51.Kf3 Rd6 52.Ke4 Kc6 53.Qb8 Rd4+ 54.Kxe5 Rb4 55.Qf8 Rxb2 56.Qf3+ Kd7 57.Qg4+ Kc6
58.Qa4+ Rb5 59.Qe4+ Kd7 60.Qg4+ Kc6 61.Qg2+ Kd7 62.Qg7+ Kc6 63.Qh6+ Kd7 64.a6 c4+
65.Ke4 Rb8 66.a7 Re8+ 67.Kd4 c3 68.Qg6 Ra8 69.Qf5+ Kc6  1/2-1/2

[Event "Skopje"]
[Site "Skopje"]
[Date "1991.??.??"]
[Round "5"]
[White "Bogdanovski, Vlatko"]
[Black "Rashkovsky, Nukhim N"]
[Result "1/2-1/2"]
[WhiteElo "2440"]
[BlackElo "2535"]

1.d4 Nf6 2.Nf3 e6 3.c4 Bb4+ 4.Nbd2 d5 5.Qc2 O-O 6.e3 c5 7.dxc5 Bxc5 8.cxd5 Qxd5
9.a3 Be7 10.b4 Bd7 11.Bb2 Rc8 12.Bc4 Qh5 13.Qb3 Nc6 14.Rd1 a5 15.b5 a4 16.Qd3 Na5
17.g4 Qg6 18.Ne5 Qxd3 19.Bxd3 Be8 20.Ke2 Nb3 21.Nxb3 axb3 22.Rc1 Rd8 23.Rc3 Bxa3
24.Rxb3 Bxb2  1/2-1/2

[Event "Skopje"]
[Site "Skopje"]
[Date "1991.??.??"]
[Round "7"]
[White "Redzepagic, Rolando"]
[Black "Inkiov, Ventzislav"]
[Result "0-1"]
[WhiteElo "2340"]
[BlackElo "2475"]

1.d4 Nf6 2.Nf3 e6 3.c4 Bb4+ 4.Nbd2 O-O 5.a3 Bxd2+ 6.Qxd2 b6 7.e3 Bb7 8.Qc2 d6
9.b3 Nbd7 10.Bb2 Ne4 11.Be2 f5 12.O-O Ndf6 13.Nd2 Ng4 14.Nxe4 Bxe4 15.Qd2 Nxh2
16.f3 Nxf1 17.Rxf1 Bb7 18.b4 Qg5  0-1

[Event "Smolensk"]
[Site "Smolensk"]
[Date "1991.??.??"]
[Round "?"]
[White "Ruban, Vadim"]
[Black "Shestoperov, Aleksej"]
[Result "1-0"]
[WhiteElo "2570"]
[BlackElo "2450"]

1.d4 Nf6 2.c4 e6 3.Nf3 Bb4+ 4.Nbd2 b6 5.e3 Bb7 6.Bd3 O-O 7.O-O d5 8.a3 Be7
9.b4 c5 10.bxc5 bxc5 11.Rb1 Qc7 12.cxd5 exd5 13.dxc5 Nbd7 14.Bb2 Nxc5 15.Qc2 Ba6
16.Bxa6 Nxa6 17.Qxc7 Nxc7 18.Nd4 Ne6 19.Nf5 Bd8 20.Rfd1 h5 21.Nb3 Rc8 22.Nbd4 Ne4
23.Rbc1 Rxc1 24.Rxc1 Bf6 25.f3 Nd2 26.Nxe6 fxe6 27.Bxf6 Rxf6 28.Nd6 e5 29.Nc8 Ra6
30.Ne7+ Kh7 31.Nxd5 Rxa3 32.Rc2 Rd3 33.e4 a5 34.Ra2 Nc4 35.Kf1 h4 36.Ke2 Rb3
37.Ra4 Rb2+ 38.Kd3 Nd6 39.Ne3 Rb3+ 40.Kd2 Rb2+ 41.Kc3 Re2 42.Kd3 Rb2 43.h3 Rb3+
44.Kd2 Rb2+ 45.Kc3 Rb5 46.Ra2 Rc5+ 47.Kb3 Kg6 48.Rd2 Nb5 49.Nf5 Kf6 50.Rd8 g6
51.Nxh4 Nd4+ 52.Ka4 Rc2 53.Ka3 Kg5 54.g3 Rc3+ 55.Kb2 Rb3+ 56.Ka2 a4 57.Ra8 Rb4
58.Ra6 Nb5 59.Rxg6+ Kh5 60.Rc6 Rb3 61.Ng6 Rxf3 62.g4+ Kg5 63.h4+  1-0

[Event "Belavenets mem op"]
[Site "Smolensk"]
[Date "1991.??.??"]
[Round "?"]
[White "Shestoperov, Aleksej"]
[Black "Aleksandrov, Aleksej"]
[Result "1-0"]
[WhiteElo "2460"]
[BlackElo "2450"]

1.d4 Nf6 2.Nf3 e6 3.c4 Bb4+ 4.Nbd2 O-O 5.a3 Be7 6.e3 c5 7.dxc5 a5 8.b3 Na6
9.b4 b6 10.bxa5 bxc5 11.Qc2 Qxa5 12.Bb2 d6 13.Bd3 Bd7 14.Bc3 Qa4 15.Qc1 Nb8
16.O-O Nc6 17.Bc2 Qa6 18.Qd1 Ra7 19.Qe2 Rfa8 20.Ne4 Nxe4 21.Bxe4 f5 22.Bc2 e5
23.Nd2 d5 24.Bb2 Rb7 25.Rab1 Rab8 26.Bc1 Rxb1 27.Bxb1 Be6 28.Bc2 dxc4 29.g4 fxg4
30.f3 gxf3 31.Qxf3 Rf8 32.Qh5 h6 33.Qg6 Rxf1+ 34.Nxf1 Qc8 35.Ng3 Bf6 36.Nh5 Qd8
37.Nxf6+ Kf8 38.Nh7+ Ke7 39.Qxg7+ Kd6 40.Nf6  1-0

[Event "St Martin op"]
[Site "St Martin"]
[Date "1991.??.??"]
[Round "7"]
[White "Hook, William"]
[Black "Lawson, David"]
[Result "1/2-1/2"]
[WhiteElo "2205"]
[BlackElo "2315"]

1.d4 Nf6 2.c4 e6 3.Nf3 Bb4+ 4.Nbd2 b6 5.a3 Bxd2+ 6.Bxd2 Bb7 7.e3 O-O 8.Be2 d6
9.O-O a5 10.b4 Ne4 11.Qb3 Nd7 12.Rfd1 Qe7 13.Be1 a4 14.Qb2 f5 15.c5 Bd5 16.cxd6 cxd6
17.Rdc1 Ndf6 18.Rc2 f4 19.Nd2 Nxd2 20.Bxd2 Ne4 21.exf4 Nxd2 22.Rxd2 Rxf4
23.g3 Qg5 24.Bf1 Raf8 25.Rc1 h5 26.Bg2 Bxg2 27.Kxg2 Qd5+ 28.Kg1 Rf3 29.Rc3 h4
30.gxh4 b5 31.Qc2 Qf5 32.Qxf5 R8xf5 33.Re3 Kf7 34.Kg2 R3f4 35.Kg3 Rf6 36.f3 Kg6
37.Rdd3 Kh5 38.Re4 Rxe4 39.fxe4 Rf1 40.e5 dxe5 41.dxe5 Rb1 42.Rd6 Rb3+ 43.Kf4 Rxa3
44.Rxe6 Rb3 45.Ra6 Rxb4+ 46.Kf5 Rb1 47.Ra8 Rf1+ 48.Ke6 Ra1 49.Kf7 a3 50.e6 a2
51.e7 Rf1+ 52.Kxg7 Rg1+ 53.Kf7 Rf1+  1/2-1/2

[Event "Star Dojran"]
[Site "Star Dojran"]
[Date "1991.??.??"]
[Round "4"]
[White "Piskov, Yury"]
[Black "Bogdanovski, Vlatko"]
[Result "1/2-1/2"]
[WhiteElo "2440"]
[BlackElo "2440"]

1.d4 Nf6 2.c4 e6 3.Nf3 Bb4+ 4.Nbd2 b6 5.a3 Bxd2+ 6.Bxd2 Bb7 7.Bg5 d6 8.e3 Nbd7
9.Bd3 h6 10.Bh4 g5 11.Bg3 h5 12.h3 Rg8 13.Rg1 Ne4 14.Bxe4 Bxe4 15.Nd2 Bg6
16.Qf3 Nf6 17.Qc6+ Ke7 18.f4 Qd7 19.Qxd7+ Kxd7 20.fxg5 Ne4 21.Bh4 c5 22.Nxe4 Bxe4
23.dxc5 bxc5 24.O-O-O d5 25.Rgf1 Ke8 26.cxd5 exd5 27.Rd2 Rb8 28.Rf6 Rg6 29.Rdf2 Rxf6
30.gxf6 Kd7 31.g4  1/2-1/2

[Event "Star Dojran"]
[Site "Star Dojran"]
[Date "1991.??.??"]
[Round "6"]
[White "Piskov, Yury"]
[Black "Rashkovsky, Nukhim N"]
[Result "1-0"]
[WhiteElo "2440"]
[BlackElo "2535"]

1.d4 Nf6 2.c4 e6 3.Nf3 Bb4+ 4.Nbd2 b6 5.e3 Bb7 6.Bd3 O-O 7.O-O Bxd2 8.Bxd2 d6
9.Bc3 Nbd7 10.Nd2 e5 11.Qc2 Qe7 12.Rae1 e4 13.Be2 Rfe8 14.b4 Nf8 15.a4 Ng6
16.d5 Nd7 17.Qb2 Nh4 18.Kh1 Qg5 19.Rg1 Nf5 20.Nf1 c6 21.f4 Qg6 22.g4 Nh4
23.Ng3 cxd5 24.Nf5 Nf3 25.cxd5 Nxe1 26.Rxe1 Nf6 27.Nxg7 Kxg7 28.g5 Bxd5 29.Bxf6+ Kf8
30.f5 Qxf5 31.Rf1 Qh3 32.Qd4 Bb3 33.Bg7+ Kg8 34.Bh6 Re5 35.Qxd6 Qe6 36.Qd4 Qd5
37.Qc3 Rae8 38.Rf5  1-0

[Event "Star Dojran"]
[Site "Star Dojran"]
[Date "1991.??.??"]
[Round "7"]
[White "Rashkovsky, Nukhim N"]
[Black "Bogdanovski, Vlatko"]
[Result "1/2-1/2"]
[WhiteElo "2535"]
[BlackElo "2440"]

1.d4 Nf6 2.Nf3 e6 3.c4 Bb4+ 4.Nbd2 b6 5.e3 Bb7 6.Bd3 c5 7.O-O cxd4 8.exd4 O-O
9.a3 Be7 10.b4 a5 11.bxa5 Rxa5 12.Nb3 Ra7 13.Re1 d6 14.Bd2 Nbd7 15.Bb4 Bc6
16.Nfd2 Re8 17.Rc1  1/2-1/2

[Event "SWE-ch playoff"]
[Site "SWE"]
[Date "1991.??.??"]
[Round "3"]
[White "Brynell, Stellan"]
[Black "Schneider, Lars Ake"]
[Result "1-0"]
[WhiteElo "2410"]
[BlackElo "2445"]

1.d4 Nf6 2.Nf3 e6 3.c4 Bb4+ 4.Nbd2 d5 5.Qa4+ Nc6 6.a3 Be7 7.e3 O-O 8.Bd3 a5
9.O-O Re8 10.Qc2 a4 11.Ne5 h6 12.f4 Rf8 13.Ndf3 Nxe5 14.fxe5 Nd7 15.Bd2 c5
16.cxd5 exd5 17.Rf2 c4 18.Be2 b5 19.Raf1 Nb8 20.h3 Nc6 21.Nh2 b4 22.axb4 Nxb4
23.Bxb4 Bxb4 24.Bh5 Be6 25.Bg4 Qg5 26.Rf4 a3 27.bxa3 Rxa3 28.Qf2 Rfa8 29.h4 Qg6
30.Bxe6 fxe6 31.Rg4 Qe8 32.Qf6 Qe7 33.Qxh6 Bd2 34.Rf3 c3 35.Rfg3 R3a7 36.Rg6 c2
37.Ng4 c1=Q+ 38.Kh2 Bxe3 39.Rxe3 Ra1 40.Nf6+ Qxf6 41.exf6  1-0

[Event "SWE-ch"]
[Site "SWE"]
[Date "1991.??.??"]
[Round "12"]
[White "Lundin, Anders"]
[Black "Ornstein, Axel"]
[Result "0-1"]
[WhiteElo "2295"]
[BlackElo "2440"]

1.d4 Nf6 2.c4 e6 3.Nf3 Bb4+ 4.Nbd2 b6 5.e3 Bb7 6.Bd3 c5 7.O-O cxd4 8.exd4 O-O
9.b3 d5 10.Bb2 Nc6 11.a3 Bxd2 12.Qxd2 Na5 13.Qd1 Rc8 14.Rc1 Ba6 15.Ne5 Nd7
16.Re1 dxc4 17.Nxc4 Bb7 18.d5 Qg5 19.Re3 Qxd5 20.Qg4 g6 21.Be4 Qb5 22.a4 Qc5
23.Ba3 Qxa3 24.Rd1 Nxc4 25.bxc4 Qxe3 26.fxe3 Nf6 27.Qf4 Nxe4 28.h4 Rxc4 29.Qe5 h5
30.Rd7 Bd5 31.Rxa7 Rc2 32.g4 Nd2 33.Qf6 Nf3+ 34.Kf1 Bc4+  0-1

[Event "Torcy op-B"]
[Site "Torcy"]
[Date "1991.??.??"]
[Round "?"]
[White "Lesecq, Pascal"]
[Black "Scheer, P."]
[Result "1-0"]
[WhiteElo "2040"]
[BlackElo "1920"]

1.d4 Nf6 2.c4 e6 3.Nf3 Bb4+ 4.Nbd2 O-O 5.a3 Bxd2+ 6.Bxd2 Ne4 7.e3 b6 8.Bd3 Bb7
9.O-O d6 10.Qc2 f5 11.Rfd1 Nd7 12.Rac1 Rc8 13.b4 c5 14.dxc5 dxc5 15.Be1 Qe7
16.Qa4 Bc6 17.b5 Bb7 18.Bxe4 Bxe4 19.Qxa7 Bxf3 20.Rxd7 Qg5 21.g3 Rf6 22.Bc3 Rg6
23.a4 Qh6 24.Kf1 Qh3+ 25.Ke1 Qg4 26.a5 bxa5 27.b6 Bc6 28.Rc7 Rd8 29.Rxc6 Qe4
30.Rc7 e5 31.Rd7 Re8 32.Re7 Re6 33.Rxg7+  1-0

[Event "Valby K41"]
[Site "Valby"]
[Date "1991.??.??"]
[Round "9"]
[White "Cramling, Pia"]
[Black "Danielsen, Henrik"]
[Result "1/2-1/2"]
[WhiteElo "2485"]
[BlackElo "2405"]

1.d4 Nf6 2.c4 e6 3.Nf3 Bb4+ 4.Nbd2 b6 5.a3 Bxd2+ 6.Bxd2 Bb7 7.g3 O-O 8.Bg2 d6
9.O-O Nbd7 10.Rc1 Qe7 11.b4 Be4  1/2-1/2

[Event "Wch U18"]
[Site "?"]
[Date "1991.??.??"]
[Round "?"]
[White "Zoler, Dan"]
[Black "Silva, Sebastain"]
[Result "1/2-1/2"]
[WhiteElo "2325"]
[BlackElo "2355"]

1.d4 Nf6 2.c4 e6 3.Nf3 Bb4+ 4.Nbd2 b6 5.e3 Bb7 6.Bd3 c5 7.O-O O-O 8.e4 d5
9.cxd5 exd5 10.e5 Ne4 11.Qc2 Bxd2 12.Nxd2 Nc6 13.Nxe4 dxe4 14.Bxe4 Nxd4 15.Qd3 Bxe4
16.Qxe4 Qe7 17.Re1 Rad8 18.Bf4 Qe6 19.b3 Rd5 20.Re3 Rfd8 21.Rae1 Qg6 22.Qxg6 hxg6
23.Re4 Kf8 24.f3 R8d7 25.Kf2 Ke7 26.Be3 Ke6 27.Bxd4 Rxd4 28.f4 Rxe4 29.Rxe4 Rd2+
30.Re2 Rxe2+ 31.Kxe2 g5 32.fxg5 Kxe5 33.Kf3 b5 34.h4 c4 35.bxc4 bxc4 36.Ke3 Kf5
37.Kd4 Kg4 38.Kxc4 Kxh4 39.Kb5 f5 40.gxf6 gxf6  1/2-1/2

[Event "Wch U18"]
[Site "?"]
[Date "1991.??.??"]
[Round "?"]
[White "Gabriel, Christian"]
[Black "Playa, Marcelo"]
[Result "1/2-1/2"]
[WhiteElo "2305"]
[BlackElo "2295"]

1.d4 e6 2.Nf3 Nf6 3.c4 Bb4+ 4.Nbd2 c5 5.a3 Bxd2+ 6.Qxd2 cxd4 7.Nxd4 O-O 8.g3 d5
9.cxd5 Qxd5 10.Nf3 Qc5 11.b4 Qe7 12.Bb2 Rd8 13.Qc3 b6 14.Bg2 Bb7 15.Rc1 Nc6
16.O-O Rac8 17.Qb3 b5 18.Rc5 Na5 19.Bxf6 Qxf6 20.Qc2 Nc4 21.a4 Rxc5 22.bxc5 a6
23.axb5 axb5 24.Rc1 Qe7 25.Ng5 Qxg5 26.Bxb7 Qxc5 27.Ba6 Qb6 28.Bxb5 Na3 29.Qc5 Qxb5
30.Qxa3 Qxe2 31.Qd6 Qe1+ 32.Kg2 Qe4+ 33.Kg1 Qd5 34.Qxd5 exd5 35.Kf1 g6 36.Ke2 Kg7
37.Ke3 Re8+ 38.Kd3 Kf6 39.Rc2 Re1 40.Rc6+ Ke7 41.Rc7+ Ke6 42.Rc6+ Kd7 43.Ra6 h5
44.Kd4 Re2 45.f4 Rxh2 46.Kxd5 Ke7 47.f5 gxf5 48.Ke5 Rg2 49.Ra7+ Kf8 50.Ra3 Re2+
51.Kxf5 Kg7 52.Kf4 Kg6 53.Kf3 Rb2 54.Rc3  1/2-1/2

[Event "Zuerich op"]
[Site "Zuerich"]
[Date "1991.??.??"]
[Round "4"]
[White "Kelecevic, Nedeljko"]
[Black "Knoedler, Dieter"]
[Result "1-0"]
[WhiteElo "2430"]
[BlackElo "2235"]

1.d4 e6 2.Nf3 Nf6 3.c4 Bb4+ 4.Nbd2 O-O 5.Qc2 d5 6.e3 Nbd7 7.a3 Be7 8.b4 a5
9.Rb1 axb4 10.axb4 Re8 11.Bd3 Bf8 12.O-O c6 13.Ne5 g6 14.f4 dxc4 15.Ndxc4 Nb6
16.Na5 Bg7 17.Bd2 Nfd7 18.Nf3 Nf6 19.h3 Nbd5 20.Ra1 Rb8 21.Nc4 Nc7 22.Be1 Nfd5
23.Qc1 Qe7 24.Rb1 Na6 25.b5 cxb5 26.Rxb5 Bd7 27.Rb1 Rec8 28.Qd2 b5 29.Nce5 Be8
30.e4 Ndc7 31.Qe2 Qd6 32.Kh2 b4 33.Nc4 Qf8 34.f5 exf5 35.Bg3 Nb5 36.exf5 Nc3
37.Qf2 Rc6 38.Nce5 Rf6 39.Ra1 Rbb6 40.Bh4 Rfd6 41.fxg6 hxg6 42.Bc4 Nb5 43.Rae1 Nac7
44.Nxg6  1-0

[Event "Simferopol/Alushta"]
[Site "Alushta"]
[Date "1992.??.??"]
[Round "?"]
[White "Piskov, Yury"]
[Black "Savon, Vladimir A"]
[Result "1-0"]
[WhiteElo "2500"]
[BlackElo "2420"]

1.d4 Nf6 2.c4 e6 3.Nf3 Bb4+ 4.Nbd2 b6 5.e3 c5 6.a3 Bxd2+ 7.Bxd2 Bb7 8.Bd3 Ne4
9.Bxe4 Bxe4 10.Bc3 O-O 11.dxc5 bxc5 12.Qd6 Bxf3 13.gxf3 Qb6 14.Qe7 Nc6 15.Qf6 e5
16.Rg1 g6 17.O-O-O Qd8 18.Qd6 Qh4 19.Qxd7 Rac8 20.Qg4 Qxf2 21.Rde1 e4 22.Rgf1 Qxh2
23.f4 f5 24.Qg5 Nd4 25.exd4 cxd4 26.Rh1 Qf2 27.Qe7 Rf7 28.Qe6 dxc3 29.Qxc8+ Kg7
30.Rxh7+  1-0

[Event "Simferopol/Alushta (Women)"]
[Site "Alushta"]
[Date "1992.??.??"]
[Round "?"]
[White "Kharkova, Elena"]
[Black "Borsuk, Angela"]
[Result "1/2-1/2"]
[WhiteElo "2225"]
[BlackElo "2195"]

1.d4 Nf6 2.c4 e6 3.Nf3 Bb4+ 4.Nbd2 O-O 5.e3 d5 6.a3 Be7 7.Bd3 b6 8.O-O Bb7
9.b4 c5 10.bxc5 bxc5 11.Rb1 Ba6 12.Bb2 Nbd7 13.Qe2 cxd4 14.Nxd4 Rc8 15.cxd5 Bxd3
16.Qxd3 Nc5 17.Qe2 Qxd5 18.Rfd1 Rfd8 19.N4f3  1/2-1/2

[Event "ARG-ch"]
[Site "ARG"]
[Date "1992.??.??"]
[Round "?"]
[White "Giardelli, Sergio C"]
[Black "Slipak, Sergio"]
[Result "1-0"]
[WhiteElo "2430"]
[BlackElo "2430"]

1.d4 Nf6 2.Nf3 e6 3.c4 Bb4+ 4.Nbd2 O-O 5.g3 d5 6.Bg2 Nc6 7.O-O Bxd2 8.Qxd2 dxc4
9.Qc3 b5 10.Ne5 Nxd4 11.Re1 c6 12.Be3 Nf5 13.Nxc6 Qc7 14.Bc5 Bb7 15.Bxf8 Rxf8
16.Qa5 Qxa5 17.Nxa5 Bxg2 18.Kxg2 Nd4 19.Rac1 Rc8 20.Red1 e5 21.e3 Ne6 22.b3 c3
23.b4 e4 24.Rd6 h5 25.Rc6 Rd8 26.R6xc3 Rd5 27.h3 Rg5 28.Nb3 h4 29.g4 Nd5
30.Rc8+ Kh7 31.a3 f5 32.Nc5 Nec7 33.Nd7 Ne6 34.R8c6 Rg6 35.Rxe6  1-0

[Event "ARG-ch"]
[Site "ARG"]
[Date "1992.??.??"]
[Round "?"]
[White "Servat, Roberto"]
[Black "Adla, Diego"]
[Result "0-1"]
[WhiteElo "2395"]
[BlackElo "2435"]

1.d4 Nf6 2.c4 e6 3.Nf3 Bb4+ 4.Nbd2 b6 5.a3 Bxd2+ 6.Qxd2 Bb7 7.e3 O-O 8.Be2 d6
9.O-O Nbd7 10.b3 Ne4 11.Qc2 f5 12.Ne1 Qh4 13.f3 Ng5 14.f4 Ne4 15.Nf3 Qh6
16.Bd2 Rae8 17.Rae1 Ndf6 18.Bd3 Ng4 19.Re2 e5 20.dxe5 dxe5 21.fxe5 Rxe5 22.h3 Ng3
23.Nxe5 Nxe5 24.Rfe1 Qd6  0-1

[Event "ARG-ch"]
[Site "ARG"]
[Date "1992.??.??"]
[Round "?"]
[White "Panno, Oscar"]
[Black "Rubinetti, Jorge A"]
[Result "1-0"]
[WhiteElo "2465"]
[BlackElo "2450"]

1.d4 Nf6 2.c4 e6 3.Nf3 Bb4+ 4.Nbd2 b6 5.g3 Bb7 6.Bg2 O-O 7.O-O d5 8.a3 Bd6
9.b4 c6 10.Qc2 Nbd7 11.e4 dxe4 12.Nxe4 Nxe4 13.Qxe4 Nf6 14.Qe2 a5 15.Bd2 axb4
16.axb4 Qe7 17.c5 Bc7 18.Bg5 h6 19.Bxf6 gxf6 20.Nh4 Qd7 21.Qg4+ Kh8 22.b5 f5
23.Qh5 Kg7 24.Rad1 bxc5 25.bxc6 Bxc6 26.d5 Ba4 27.dxe6 Qxe6 28.Rde1 Qf6 29.Nxf5+ Kh7
30.Be4 Rh8 31.Ne7+ Kg7 32.Nd5 Qg5 33.Qxg5+ hxg5 34.Nxc7 Ra7 35.Ra1 Rd8 36.Nd5 f5
37.Nc3 fxe4 38.Rxa4  1-0

[Event "AUT-chT"]
[Site "AUT"]
[Date "1992.??.??"]
[Round "?"]
[White "Fauland, Alexander"]
[Black "Baumgartner, Heinz"]
[Result "1-0"]
[WhiteElo "2440"]
[BlackElo "2360"]

1.c4 Nf6 2.d4 e6 3.Nf3 Bb4+ 4.Nbd2 d5 5.Qa4+ Nc6 6.e3 Bd7 7.Qc2 O-O 8.a3 Bxd2+
9.Nxd2 e5 10.cxd5 Nxd5 11.dxe5 Qe7 12.Bd3 h6 13.Be4 Qxe5 14.O-O Nf6 15.Bd3 Rad8
16.Nf3 Qh5 17.Bd2 Bg4 18.Ne1 Be2 19.Bxe2 Qxe2 20.Nf3 Qd3 21.Rfc1 Rd7 22.Be1 Rfd8
23.Qxd3 Rxd3 24.b4 Rb3 25.Nd2 Rbd3 26.Ra2 a6 27.Kf1 R8d7 28.Nc4 Rd1 29.Rcc2 R1d5
30.f3 Ne5 31.Na5 c6 32.e4 Rd1 33.Ke2 Nd5 34.Rd2 Nf4+  1-0

[Event "Baden-Baden"]
[Site "Baden-Baden"]
[Date "1992.??.??"]
[Round "10"]
[White "Hertneck, Gerald"]
[Black "Wahls, Matthias"]
[Result "1-0"]
[WhiteElo "2560"]
[BlackElo "2540"]

1.d4 Nf6 2.c4 e6 3.Nf3 Bb4+ 4.Nbd2 O-O 5.a3 Be7 6.Qc2 c5 7.dxc5 Bxc5 8.b4 Be7
9.e4 d6 10.Bd3 Nbd7 11.O-O b6 12.Nd4 Ne5 13.Be2 Bb7 14.f4 Nc6 15.N4f3 a5
16.b5 Nb8 17.Bb2 Nbd7 18.Rae1 Qc7 19.Qb1 e5 20.f5 g6 21.Kh1 gxf5 22.exf5 Nc5
23.Bd3 Rac8 24.Re3 Nxd3 25.Qxd3 e4 26.Qe2 exf3 27.gxf3 Rfe8 28.Rg1+ Kf8 29.Qg2  1-0

[Event "Beersheba-B"]
[Site "Beersheba"]
[Date "1992.??.??"]
[Round "4"]
[White "Mikhalevski, Victor"]
[Black "Vaysman, Alexander"]
[Result "1/2-1/2"]
[WhiteElo "2370"]
[BlackElo "2325"]

1.d4 Nf6 2.c4 e6 3.Nf3 Bb4+ 4.Nbd2 b6 5.a3 Bxd2+ 6.Bxd2 Bb7 7.Bg5 d6 8.e3 Nbd7
9.Bh4 Qe7 10.Qc2 h6 11.Bd3 e5 12.Be2 g5 13.Bg3 Ne4 14.c5 bxc5 15.dxe5 d5
16.Rc1 c4 17.b3 cxb3 18.Qxb3 Ndc5 19.Qb5+ c6 20.Qb4 Ne6 21.Rb1 Qxb4+ 22.Rxb4 O-O-O
23.Nd2 N4c5 24.O-O a5 25.Rbb1 Kc7 26.f4 gxf4 27.exf4 Nd4 28.Bh5 Ba6 29.f5 Rhg8
30.Rf4 Ne4 31.Nxe4 dxe4 32.Bxf7 Ne2+ 33.Kf2 Nxf4 34.Bxf4 Rg4 35.g3 Bd3 36.Rb2 Rxf4+
37.gxf4 e3+ 38.Kxe3 Bxf5 39.Bc4 Rd1 40.Rg2 Ra1 41.Kd4 Rxa3 42.Kc5 Rc3 43.Rg7+ Kc8
44.Kd4 Rf3 45.e6 Rxf4+ 46.Ke5 Rxc4 47.Rg8+ Kc7 48.Kxf5 Kd6 49.Rg7 Rc2 50.Rd7+ Kc5
51.h4 Re2 52.e7 a4 53.Kf6 a3 54.Rd2 Re4 55.h5 Kb4 56.Rd4+ Rxd4 57.e8=Q a2
58.Qe1+ Ka4 59.Qc3 Rb4 60.Qxc6+ Ka3 61.Qc1+ Ka4  1/2-1/2

[Event "Belgrade"]
[Site "Belgrade"]
[Date "1992.??.??"]
[Round "3"]
[White "Cramling, Pia"]
[Black "Maric, Mirjana"]
[Result "1/2-1/2"]
[WhiteElo "2530"]
[BlackElo "2265"]

1.d4 Nf6 2.Nf3 e6 3.c4 Bb4+ 4.Nbd2 b6 5.e3 Bb7 6.Bd3 O-O 7.O-O d5 8.a3 Bd6
9.b4 c5 10.bxc5 bxc5 11.cxd5 exd5 12.dxc5 Bxc5 13.Nb3 Bd6 14.Bb2 Nbd7 15.Nbd4 Re8
16.Bb5 Bf8 17.Rb1 Rc8 18.Nf5 Re6 19.Bd4 Ba6 20.a4 Bxb5 21.axb5 Bc5 22.Ra1 Rb6
23.Qe2 g6 24.Bxc5 Rxc5 25.N5d4 Qc7 26.Nd2 Ne5 27.N2b3 Rc3 28.Rac1 Rxc1 29.Rxc1 Qd6
30.Ra1 Qc7 31.Qa2 Rb7 32.h3 Nc4 33.Rc1 Ne4 34.Qe2 Qb6 35.Ra1 Qc7 36.Ra6 Ned6
37.Rc6 Qd8 38.Qg4 h5 39.Qf4 Nxb5 40.Nc5 Rb6 41.Rxb6 Qxb6 42.Nxb5 Qxb5 43.Qc7 Qb1+
44.Kh2 Qb6 45.Qc8+ Kg7 46.Nd3 a5 47.Qa8 Qd6+ 48.Kg1 d4 49.Qc8 Nb6 50.Qc1 dxe3
51.Qxe3 a4 52.Nc5 Kh7 53.Ne4 Qc6 54.Qd4 Nd5 55.Qxd5 Qxd5 56.Nf6+ Kg7 57.Nxd5 a3
58.Nb4 Kf6 59.Kf1 Ke5 60.Ke2 Ke4 61.g3 h4 62.f3+ Kf5 63.gxh4 Kf6 64.Ke3 Kg7
65.h5 g5  1/2-1/2

[Event "Benidorm op"]
[Site "Benidorm"]
[Date "1992.??.??"]
[Round "2"]
[White "Hoffman, Alejandro"]
[Black "Arroyo, Eudor"]
[Result "1-0"]
[WhiteElo "2445"]
[BlackElo "2230"]

1.d4 Nf6 2.c4 e6 3.Nf3 Bb4+ 4.Nbd2 b6 5.g3 Bb7 6.Bg2 O-O 7.O-O d5 8.cxd5 exd5
9.Ne5 Na6 10.a3 Be7 11.b4 c5 12.bxc5 bxc5 13.Rb1 Rb8 14.Qa4 Qe8 15.Qc2 cxd4
16.Ndf3 Bd6 17.Bf4 Ne4 18.Nd3 Qe7 19.Nxd4 Rfc8 20.Qb2 Bxf4 21.Nxf4 Nac5 22.Nf5 Qg5
23.Nh5 Ne6 24.Qe5 Nd2 25.h4 Qd8 26.Nhxg7 Nc4 27.Nh6+ Kf8 28.Nxe6+ fxe6 29.Qh8+ Ke7
30.Qxh7+ Kd6  1-0